000 00384 a2200109 4500
001 ART_17146
005 20260410161852.0
008 260409a
245 1 0 _aParticularidades del contrato de trabajo del futbolista profesional
100 1 _aArese, César
773 0 _tDerecho del trabajo
_gEstatutos profesionales (parte I ) - Año II, Nº 4 (mar. 2013)
_wREV10447
999 _c25116
_d25116